| 000 | 00946cam a2200313 a 4500 | ||
|---|---|---|---|
| 001 | 14124067 | ||
| 003 | OSt | ||
| 005 | 20230620102732.0 | ||
| 008 | 050929s2005 ke 000 0 eng | ||
| 010 | _a 2005327494 | ||
| 020 | _a9966882707 | ||
| 020 | _a9966882677 | ||
| 040 |
_aDLC _cDLC |
||
| 041 | 0 |
_aeng _aswa |
|
| 042 | _alcode | ||
| 050 | 0 | 0 |
_aPL8703 _b.W35 2005 |
| 082 |
_a413 _bWAN |
||
| 100 | 1 | _aWamitila, K. W. | |
| 245 | 1 | 0 |
_aEnglish-Kiswahili assorted dictionary / _cK.W. Wamitila and Florence M. Kyallo. |
| 250 | _aRev. ed. | ||
| 260 |
_aNairobi, Kenya : _bFocus Books, _c2005. |
||
| 300 |
_axvi, 414 p. ; _c18 cm. |
||
| 650 | 0 |
_aEnglish language _vGlossaries, vocabularies, etc. |
|
| 650 | 0 |
_aSwahili language _vGlossaries, vocabularies, etc. |
|
| 700 | 1 | _aKyallo, Florence M. | |
| 906 |
_a7 _bcbc _corigcop _d2 _encip _f20 _gy-gencatlg |
||
| 942 |
_2ddc _cBK |
||
| 999 |
_c1561 _d1561 |
||